Normal view
MARC view
Entry Personal Name
001 - CONTROL NUMBER
- control field: 14108
003 - CONTROL NUMBER IDENTIFIER
- control field: OSt
005 - DATE AND TIME OF LATEST TRANSACTION
- control field: 20210414160424.0
008 - FIXED-LENGTH DATA ELEMENTS
- fixed length control field: 210414|| aca||aabn | a|a d
040 ## - CATALOGING SOURCE
- Original cataloging agency: OSt
- Transcribing agency: OSt
100 ## - HEADING--PERSONAL NAME
- Personal name: Franson, M. A. H.
670 ## - SOURCE DATA FOUND
- Source citation: Work cat.: (OSt)0: Standard methods for the examination of water & wastewater., c2005.
